| 000 | 00451nam a2200169Ia 4500 | ||
|---|---|---|---|
| 008 | 230917s9999||||xx |||||||||||||| ||und|| | ||
| 020 | _cRS675 | ||
| 040 |
_e226473 _aMAIN |
||
| 041 | _aEnglish | ||
| 082 | _a005.8 P599F | ||
| 100 | _aPieprzyk, Josef | ||
| 245 | 0 | _aFundamentald of computer security | |
| 260 |
_aNew Delhi _bSpringer India _c2009 |
||
| 300 | _axx, 677 p. | ||
| 500 | _a2050 20/03/2015 RBP44836 25/03/2015 Main Budget | ||
| 942 | _cBK | ||
| 999 |
_c15272 _d15272 |
||